000 00740nam a22001817a 4500
999 _c62466
_d62466
003 Ge_BSU
005 20241114113602.0
008 241114s1983 ge ||||| |||| 00| 0 geo d
041 _ageo
080 _a617-089 თ-69
100 _a თოიძე, შ.
_923689
245 _aოპერაციული ქირურგია :
_bსახელმძღვ. სამედ. ინ – ტის სტუდენტებისათვის /
_c შ. თოიძე
264 _a თბილისი:
_bგანათლება,
_c1983.
300 _a 404 გვ.:
_bსურ.
_c22 სმ.
653 _aოპერაციული ქირურგია
653 _aმედიცინა
942 _2udc
_cBK